[Event "Challenge"]
[Site "http://www.queenalice.com/game.php?id=1077699"]
[Date "2012.6.30"]
[Round "-"]
[White "Scaracioli"]
[Black "bonzinhojr"]
[Result "1-0"]
[WhiteElo "1621"]
[BlackElo "1384"]

1. e4 d5 2. e5 Nc6 3. d4 b6 4. Bb5 Bd7 5. g4 Nb8 6. Bxd7+ Qxd7 7. h3 Nc6 8. Nf3
h5 9. g5 Qf5 10. h4 f6 11. c3 fxg5 12. Bxg5 g6 13. Nbd2 Bh6 14. Rg1 Qh3 15. Qe2
Qg4 16. Rxg4 hxg4 17. Bxh6 gxf3 18. Qxf3 Rxh6 19. O-O-O O-O-O 20. Rh1 g5 21.
hxg5 Rg6 22. Qg3 b5 23. b4 a5 24. a3 axb4 25. axb4 Rf8 26. f4 Nb8 27. Qg4+ Kd8
28. f5 Rg7 29. f6 exf6 30. exf6 Nxf6 31. Qf5 Ke7 32. Re1+ Kf7 33. Qe6+ Kg6 34.
Rg1 Kh5 35. Qh3+ Kg6 36. gxf6+ Kxf6 37. Rxg7 Kxg7 38. Qg4+ Kf7 39. Qf5+ Ke7 40.
Qe5+ Kd8 41. Qxd5+ Kc8 42. Qxb5 Rf6 43. d5 c6 44. dxc6 Rxc6 45. c4 Kc7 46. c5
Na6 47. Qa4 Nb8 48. Ne4 Nd7 49. Qa7+ Kd8 50. b5 Re6 51. c6 Rxe4 52. Qxd7# 1-0

[Event "FAZENDEIRA DA SEMANA VI"]
[Site "http://www.queenalice.com/game.php?id=1078047"]
[Date "2012.6.30"]
[Round "-"]
[White "rogeriooliveira"]
[Black "bonzinhojr"]
[Result "0-1"]
[WhiteElo "1316"]
[BlackElo "1361"]

1. e4 d5 2. e5 Nc6 3. Nf3 Bg4 4. h3 Bxf3 5. Qxf3 Nxe5 6. Qe3 f6 7. d4 Nc6 8. Nc3
e6 9. Bb5 Bb4 10. Qxe6+ Qe7 11. Qxe7+ Nxe7 12. Bd2 Bxc3 13. Bxc3 O-O 14. Bxc6
Nxc6 15. O-O-O Rae8 16. h4 Re2 17. f3 b5 18. Rd2 Re6 19. f4 b4 20. Bxb4 Nxb4 21.
a3 Nc6 22. b4 Re3 23. h5 Rxa3 24. Kb2 Ra4 25. Kb3 Rxb4+ 26. Kc3 Re8 27. Re1 Rxe1
28. g3 Re3+ 29. Rd3 Re1 30. g4 g5 31. f5 Rbb1 32. Rd2 Nb4 33. Rf2 Red1 34. Re2
Na2# 0-1

[Event "MISTURE"]
[Site "http://www.queenalice.com/game.php?id=1078769"]
[Date "2012.7.3"]
[Round "-"]
[White "rogeriooliveira"]
[Black "bonzinhojr"]
[Result "0-1"]
[WhiteElo "1299"]
[BlackElo "1397"]

1. e4 d5 2. e5 c5 3. d4 b6 4. dxc5 bxc5 5. Nf3 d4 6. c3 Nc6 7. Bb5 Qb6 8. c4 f6
9. Bxc6+ Qxc6 10. O-O Qe6 11. Qe1 fxe5 12. Nbd2 Ba6 13. Nb3 Bxc4 14. Ng5 Qg6 15.
Nf3 Bxf1 16. Qxf1 h5 17. Qb5+ Kf7 18. Qc4+ Qe6 19. Qxe6+ Kxe6 20. Ng5+ Kf6 21.
Nf3 h4 22. Bg5+ Kf7 23. Nxe5+ Ke8 24. Ng6 Rh5 25. Bd2 h3 26. gxh3 Rxh3 27. Kg2
Rh6 28. Nf4 g5 29. Ne2 d3 30. Nc3 e5 31. Nb5 Rb8 32. Nxa7 Ra6 33. Nc6 Rxc6 34.
Na5 Rcb6 35. Nb3 c4 36. Na5 Rxb2 37. a4 Rxd2 38. Nc6 Rbb2 39. a5 Rxf2+ 40. Kg3
Nf6 41. a6 Bc5 42. a7 Ne4+ 43. Kg4 Rb6 44. Nxe5 Bd4 45. a8=Q+ Ke7 46. Ra7+ Ke6
47. Qe8+ Kd5 48. Rd7+ Kc5 49. Qf8+ Kb5 50. Rd5+ Bc5 51. Qe8+ Kb4 52. Nd7 Rd6 53.
Qb8+ Kc3 54. Rxd6 Bxd6 55. Qe8 Re2 56. h3 Nf2+ 57. Kxg5 Rxe8 58. Nb6 d2 59. Na4+
Kd4 60. Nb2 Nxh3+ 61. Kg4 Ng1 62. Nd1 Be5 63. Kf5 c3 64. Kg6 c2 65. Nb2 c1=Q 66.
Kf7 Rb8 67. Na4 Qc7+ 68. Ke6 Re8+ 69. Kf5 Ne2 70. Nb2 Rf8+ 71. Kg4 Qg7+ 72. Kh4
Qg3+ 73. Kh5 Rg8 74. Na4 Qg5# 0-1

[Event "Challenge"]
[Site "http://www.queenalice.com/game.php?id=1079829"]
[Date "2012.7.6"]
[Round "-"]
[White "betogroo"]
[Black "bonzinhojr"]
[Result "1-0"]
[WhiteElo "1394"]
[BlackElo "1355"]

1. e4 d5 2. e5 c5 3. Nf3 c4 4. c3 f6 5. d4 fxe5 6. Nxe5 a5 7. Qf3 Be6 8. g3 Nf6
9. Na3 Nc6 10. Nb5 Ne4 11. h4 h5 12. Bh3 Nxe5 13. dxe5 Qb6 14. Nd4 Bf7 15. e6
Bg6 16. Bf5 Bxf5 17. Qxf5 Qd6 18. Bf4 Qb6 19. Qf7+ Kd8 20. Be5 Qxb2 21. O-O Qxc3
22. Nb5 Qxe5 23. Rab1 Nd6 24. Nxd6 Qxd6 25. Rxb7 c3 26. Rd7+ Qxd7 27. exd7 Kxd7
28. Qxd5+ Ke8 29. Qxa8+ Kf7 30. Qf3+ Ke8 31. Qa8+ Kf7 32. Qxa5 c2 33. Qf5+ Ke8
34. Qxc2 g5 35. Qg6+ Kd7 36. Rd1+ Kc7 37. Qc2+ Kb6 38. Rd5 e6 39. Rd8 gxh4 40.
Re8 hxg3 41. fxg3 Bg7 42. Rb8+ Rxb8 43. Qb2+ Kc7 44. Qxg7+ Kd6 45. Qd4+ Ke7 46.
a4 Rd8 47. Qh4+ Kd7 48. a5 e5 49. Qxh5 Re8 50. a6 Kd6 51. Qxe8 Kd5 52. a7 e4 53.
a8=Q+ Kd4 54. Qexe4+ Kc3 55. Qa3+ Kd2 56. Qed3+ Ke1 57. Qc1# 1-0

[Event "Challenge"]
[Site "http://www.queenalice.com/game.php?id=1079831"]
[Date "2012.7.6"]
[Round "-"]
[White "Dancarvalho"]
[Black "bonzinhojr"]
[Result "1-0"]
[WhiteElo "1386"]
[BlackElo "1344"]

1. d4 d5 2. e3 e5 3. dxe5 Nd7 4. Nf3 c5 5. Qxd5 b6 6. Qxa8 f6 7. Bc4 Nxe5 8.
Bb5+ Bd7 9. Qxa7 Bxb5 10. Nc3 h5 11. Nxb5 Nc6 12. Nc7+ Kd7 13. Qxb6 Bd6 14. O-O
Bxc7 15. Rd1+ Nd4 16. exd4 Bxb6 17. dxc5+ Kc7 18. Rxd8 Kxd8 19. cxb6 Kc8 20. Be3
Ne7 21. a4 Nc6 22. Nd4 Nb4 23. a5 g5 24. c3 Na6 25. c4 g4 26. Nf5 h4 27. Rd1 h3
28. Ne7+ Kb7 29. Rd7+ Kb8 30. Bf4+ Ka8 31. Ra7# 1-0

[Event "Challenge"]
[Site "http://www.queenalice.com/game.php?id=1079833"]
[Date "2012.7.6"]
[Round "-"]
[White "Frankone"]
[Black "bonzinhojr"]
[Result "1-0"]
[WhiteElo "1527"]
[BlackElo "1358"]

1. e4 d5 2. f3 dxe4 3. fxe4 e5 4. Nf3 f6 5. d4 Bb4+ 6. c3 Bd6 7. dxe5 fxe5 8.
Ng5 h6 9. Bc4 hxg5 10. O-O Nf6 11. Bxg5 Bc5+ 12. Kh1 Qd7 13. b4 Nxe4 14. Bf7+
Kf8 15. Bg6+ Kg8 16. Bxe4 Rh5 17. Qxh5 Bd6 18. Qh7# 1-0

[Event "Again"]
[Site "http://www.queenalice.com/game.php?id=1079865"]
[Date "2012.7.6"]
[Round "-"]
[White "bonzinhojr"]
[Black "Agourmay"]
[Result "0-1"]
[WhiteElo "1344"]
[BlackElo "1826"]

1. e4 e5 2. d3 Nf6 3. a4 Bc5 4. c4 Nc6 5. Be3 Bxe3 6. fxe3 d6 7. Nf3 Ng4 8. Qc1
Nb4 9. h3 Nxe3 10. Ra2 Nxa2 11. Qd2 Nxf1 12. Rxf1 O-O 13. h4 b6 14. b3 Qf6 15.
Qxa2 Qg6 16. Nh2 Qg3+ 17. Qf2 Qxh2 18. g3 Qxf2+ 19. Rxf2 c6 20. Nc3 Ba6 21. h5
Rab8 22. g4 h6 23. Ne2 b5 24. axb5 cxb5 25. g5 hxg5 26. Rh2 Kh7 27. Ng3 bxc4 28.
dxc4 Rxb3 29. Nf5 Rb1+ 30. Kf2 Rfb8 31. h6 R8b2+ 32. Kg3 Rxh2 33. Kxh2 gxh6 34.
Nxd6 Kg6 35. Nf5 Bxc4 36. Ne7+ Kh5 37. Nf5 a5 38. Ne3 Bd3 39. Nd5 Rb2+ 40. Kg3
a4 41. Nc3 a3 42. Kf3 Rb3 43. Na2 Bb1+ 44. Nc3 Rxc3+ 45. Ke2 a2 46. Kd2 Rc2+ 47.
Kd1 a1=Q 48. Ke1 Ba2# 0-1

[Event "MISTER SAM V"]
[Site "http://www.queenalice.com/game.php?id=1082740"]
[Date "2012.7.14"]
[Round "-"]
[White "rogeriooliveira"]
[Black "bonzinhojr"]
[Result "0-1"]
[WhiteElo "1359"]
[BlackElo "1378"]

1. e4 d5 2. e5 f6 3. Nc3 c6 4. Nf3 Nd7 5. Bd3 fxe5 6. Ng5 e4 7. Be2 h6 8. Nh3
Ne5 9. O-O d4 10. Nxe4 Bxh3 11. gxh3 Nf6 12. Nxf6+ exf6 13. d3 Bc5 14. Bf4 Bd6
15. Bxe5 Bxe5 16. Bh5+ Ke7 17. Qf3 Qd6 18. Rae1 Kd7 19. Re2 Bxh2+ 20. Kg2 Rhg8
21. Qg4+ Kc7 22. Rfe1 Be5 23. c3 Qd5+ 24. Re4 Raf8 25. f4 f5 26. Qf3 fxe4 27.
dxe4 Qe6 28. cxd4 Bxd4 29. f5 Qe5 30. b3 g6 31. fxg6 Rxf3 32. Rf1 Rd3 33. b4
Qg3+ 34. Kh1 Rd2 35. Rf7+ Kb6 36. a4 Qg2# 0-1

[Event "Challenge"]
[Site "http://www.queenalice.com/game.php?id=1083530"]
[Date "2012.7.17"]
[Round "-"]
[White "Rauni10"]
[Black "bonzinhojr"]
[Result "0-1"]
[WhiteElo "1270"]
[BlackElo "1324"]

1. e4 d5 2. exd5 Qxd5 3. b3 b5 4. a4 Qe5+ 5. Qe2 Qxa1 6. Qxb5+ c6 7. Qf5 Bxf5 8.
Bd3 Qxb1 9. Bxf5 Qxc1+ 10. Ke2 Na6 11. Nf3 Qxh1 12. Ne5 g6 13. Bd7+ Kd8 14. Bg4
Ke8 15. Nxc6 Qxg2 16. d4 Rd8 17. b4 Qxc6 18. b5 Qb6 0-1

[Event "JOEMIR GRETCHEM VII"]
[Site "http://www.queenalice.com/game.php?id=1083604"]
[Date "2012.7.17"]
[Round "-"]
[White "rogeriooliveira"]
[Black "bonzinhojr"]
[Result "0-1"]
[WhiteElo "1343"]
[BlackElo "1393"]

1. e4 d5 2. e5 Be6 3. Nf3 f6 4. Nc3 Nc6 5. Bb5 a6 6. Bxc6+ bxc6 7. O-O c5 8. Ne2
d4 9. d3 fxe5 10. Nxe5 Qd7 11. Nf4 Qd6 12. Re1 Bf5 13. g4 Bg6 14. Nh5 Bf7 15.
Nc4 Qd7 16. Re2 Qxg4+ 17. Kf1 Bd5 18. f3 Qxf3+ 19. Ke1 Qh1+ 20. Kd2 Qf3 21. Ng3
h5 22. Nf1 Rh6 23. Ng3 h4 24. Nf1 e6 25. Qe1 Be7 26. b3 h3 27. Kd1 Rg6 28. Bd2
Rg1 29. Qf2 Rxf1+ 30. Qxf1 Qxf1+ 31. Re1 Qf3+ 32. Kc1 Nf6 33. Kb2 Ne4 34. Rf1
Qe2 35. Rad1 Bg5 36. Rh1 Bxd2 37. Na3 a5 38. Nc4 Bc3+ 39. Ka3 Bb4+ 40. Ka4 Nc3#
0-1

[Event "Challenge"]
[Site "http://www.queenalice.com/game.php?id=1083701"]
[Date "2012.7.17"]
[Round "-"]
[White "lincolnmarley"]
[Black "bonzinhojr"]
[Result "1-0"]
[WhiteElo "1462"]
[BlackElo "1409"]

1. e4 d5 2. exd5 Qxd5 3. Nc3 Qc6 4. d4 Qd6 5. Nf3 c5 6. Nb5 Qc6 7. Ne5 Qe6 8.
Nc7+ Kd8 9. Nxe6+ Bxe6 10. dxc5+ Nd7 11. Bb5 a6 12. Ba4 h5 13. Nxf7+ Kc8 14.
Nxh8 Nxc5 15. Bb3 Bxb3 16. cxb3 e6 17. Qc2 Nf6 18. b4 b6 19. bxc5 b5 20. O-O Kc7
21. Ng6 Nd7 22. Nxf8 Nxf8 23. Bf4+ Kc6 24. Qe4+ Kxc5 25. Rac1+ Kb6 26. Be3+ Ka5
27. b4+ Ka4 28. Qc2+ Kxb4 29. Bd2+ Ka3 30. Qb3# 1-0

[Event "MALUCO III"]
[Site "http://www.queenalice.com/game.php?id=1085978"]
[Date "2012.7.23"]
[Round "-"]
[White "rogeriooliveira"]
[Black "bonzinhojr"]
[Result "0-1"]
[WhiteElo "1312"]
[BlackElo "1384"]

1. e4 d5 2. e5 Nc6 3. Nc3 Nxe5 4. Nf3 Nc6 5. Bb5 a6 6. Bxc6+ bxc6 7. O-O e6 8.
Qe1 a5 9. d4 a4 10. Bg5 f6 11. Bf4 a3 12. bxa3 Bxa3 13. Rd1 Nh6 14. Bxh6 gxh6
15. Qe3 Ba6 16. Rfe1 Bb2 17. Qd2 f5 18. Re3 Qf6 19. Rde1 O-O-O 20. Na4 Ba3 21.
Qe2 Bxe2 22. R1xe2 Rhe8 23. Nc5 f4 24. Rxa3 Kb8 25. Na6+ Kb7 26. Nc5+ Kb6 27.
Ra6+ Kb5 28. a4+ Kc4 29. Rxc6 Qe7 30. Nb7+ Kb4 31. a5 Rb8 32. a6 Kb5 33. Rc3
Kxa6 34. Nc5+ Ka7 35. g3 Rb1+ 36. Kg2 Rg8 37. Nd3 e5 38. dxe5 h5 39. h4 Rd1 40.
Kh3 d4 41. Ra3+ Kb7 42. Nxd4 fxg3 43. fxg3 Rg1 44. Re3 Qxa3 45. Nb5 Qf8 46. e6
Qf1+ 47. Kh2 Qg2# 0-1

[Event "Challenge"]
[Site "http://www.queenalice.com/game.php?id=1086009"]
[Date "2012.7.23"]
[Round "-"]
[White "HerbertPaulo"]
[Black "bonzinhojr"]
[Result "1-0"]
[WhiteElo "1914"]
[BlackElo "1378"]

1. e4 d5 2. exd5 Qxd5 3. Nc3 Qc6 4. Bb5 a5 5. Bxc6+ Nxc6 6. Nf3 e5 7. O-O Nf6 8.
d3 Bd6 9. Ne4 Nxe4 10. dxe4 O-O 11. a4 b6 12. b3 Bb4 13. Ba3 Ba6 14. Bxb4 Nxb4
15. Re1 Rad8 16. Qc1 Rd6 17. Nxe5 f6 18. Nc4 Rc6 19. Rd1 b5 20. Nxa5 Rxc2 21.
Qf4 Na2 22. Rd7 bxa4 23. bxa4 g5 24. Qf5 Be2 25. Qxh7# 1-0

[Event "Challenge"]
[Site "http://www.queenalice.com/game.php?id=1086531"]
[Date "2012.7.25"]
[Round "-"]
[White "NeeneNY"]
[Black "bonzinhojr"]
[Result "0-1"]
[WhiteElo "1456"]
[BlackElo "1406"]

1. e4 d5 2. e5 Nc6 3. d4 f6 4. Bf4 g5 5. Bg3 f5 6. Qh5+ Kd7 7. Qxg5 e6 8. Qe3
Nb4 9. c3 Nc2+ 10. Kd2 Nxe3 11. Kxe3 Bh6+ 12. Bf4 Qh4 13. Bxh6 Qe4+ 14. Kd2 Nxh6
15. f3 Qf4+ 16. Kc2 Qe3 17. Na3 b6 18. Ne2 Ba6 19. Ng3 Qf2+ 20. Ne2 Bxe2 21. g4
Qxf3 22. Rg1 Qd3+ 23. Kb3 fxg4 24. Bxe2 Qxe2 25. Rae1 Qf2 26. h3 a5 27. hxg4
Nxg4 28. Rxg4 Qxe1 29. Rg7+ Kd8 30. Nb5 a4+ 31. Kb4 Qe2 32. Nxc7 Ra7 33. Nxe6+
Kc8 34. Rxa7 Qxb2+ 35. Kxa4 Qxa2+ 36. Kb5 Qxa7 37. Nf4 Qa5+ 38. Kc6 Rd8 39. e6
Qa8+ 40. Kxb6 Rd6+ 41. Kc5 Qc6+ 42. Kb4 Qc4+ 43. Ka3 Rb6 44. e7 Qb3# 0-1

[Event "AUTO-OPEN-2750"]
[Site "http://www.queenalice.com/game.php?id=1086649"]
[Date "2012.7.25"]
[Round "1"]
[White "bonzinhojr"]
[Black "ven10"]
[Result "0-1"]
[WhiteElo "1411"]
[BlackElo "1999"]

1. e4 c5 2. Bc4 e6 3. Nf3 d6 4. O-O Nc6 5. d4 cxd4 6. Nxd4 Nf6 7. Nc3 Be7 8. a4
O-O 9. Bg5 h6 10. Bh4 Qc7 11. Ndb5 Qd8 12. Qd3 a6 13. Na3 Qc7 14. Ne2 d5 15.
exd5 Ne5 16. Qd2 Bxa3 17. Rxa3 Nxc4 18. Qc3 Ne4 19. Bg3 Nxc3 20. Rxc3 Qc5 21. b3
Qxd5 22. bxc4 Qd2 23. Re3 Qxc2 24. Rc1 Qxa4 25. h4 Bd7 26. Be5 Rac8 27. Rg3 f6
28. Bd6 Rf7 29. Nf4 Rxc4 30. Rgc3 Rxc3 31. Rxc3 Qa1+ 32. Kh2 Qxc3 33. Nh5 b5 34.
f4 g6 35. Ng3 e5 36. f5 Qxg3+ 37. Kxg3 Bxf5 38. Kf3 Rd7 39. Bc5 Rd3+ 40. Kf2 a5
41. g3 b4 42. Be7 b3 43. Ba3 Rd2+ 44. Ke1 b2 45. Bxb2 Rxb2 46. Kf1 a4 47. Ke1 a3
48. g4 a2 49. gxf5 a1=R# 0-1

[Event "AUTO-OPEN-2750"]
[Site "http://www.queenalice.com/game.php?id=1086650"]
[Date "2012.7.25"]
[Round "1"]
[White "ven10"]
[Black "bonzinhojr"]
[Result "1-0"]
[WhiteElo "1988"]
[BlackElo "1413"]

1. e4 d5 2. exd5 Qxd5 3. Nc3 Qe6+ 4. Be2 Nf6 5. Nf3 Qb6 6. O-O Bf5 7. d4 e6 8.
Bf4 Bd6 9. Bxd6 cxd6 10. Rb1 O-O 11. Re1 h5 12. Nh4 d5 13. Nxf5 exf5 14. Bxh5
Nxh5 15. Qxh5 Qxd4 16. Qxf5 g6 17. Qxd5 Qxd5 18. Nxd5 Nc6 19. Re7 Nxe7 20. Nxe7+
Kh7 21. Nd5 f5 22. c4 Rfd8 23. Re1 b5 24. b3 bxc4 25. bxc4 Rac8 26. Re7+ Kh6 27.
h4 Rxc4 28. Nf6 Rxh4 29. g3 Rhd4 30. Rxa7 Rd1+ 31. Kg2 Kg5 32. Nh7+ Kg4 33. Nf6+
Kg5 34. Nh7+ Kh6 35. Nf6 Rf8 36. Rh7+ Kg5 37. Nd7 Re8 38. f4+ Kg4 39. Rh4# 1-0

[Event "AUTO-OPEN-2750"]
[Site "http://www.queenalice.com/game.php?id=1086651"]
[Date "2012.7.25"]
[Round "1"]
[White "bonzinhojr"]
[Black "dutra2302"]
[Result "0-1"]
[WhiteElo "1402"]
[BlackElo "2102"]

1. d4 Nf6 2. e3 g6 3. h4 b6 4. g3 Bb7 5. Nf3 Bg7 6. h5 Nxh5 7. g4 Nf6 8. g5 Ne4
9. Bd3 Nxg5 10. Be2 Nxf3+ 11. Bxf3 Bxf3 12. Qxf3 Nc6 13. d5 Ne5 14. Qg2 d6 15.
Nc3 Qd7 16. a4 Qg4 17. Qxg4 Nxg4 18. Nb5 Kd7 19. Bd2 c6 20. dxc6+ Kxc6 21. f3
Ne5 22. O-O-O Nc4 23. Be1 Nxb2 24. Kd2 Nxa4 25. Nd4+ Bxd4 26. exd4 d5 27. Bg3 f6
28. Rhe1 Rhe8 29. Re6+ Kd7 30. Rde1 Rac8 31. R6e2 Nb2 32. Rh2 Nc4+ 33. Kc1 h5
34. c3 e5 35. dxe5 fxe5 36. Rd1 Ke6 37. f4 e4 38. Bf2 Rcd8 39. Rg2 Rg8 40. Bh4
Rc8 41. Ra2 a5 42. Rd4 Ne3 43. Bf2 Nf5 44. Rda4 Rxc3+ 45. Kd2 Rgc8 46. Bxb6 e3+
47. Ke2 Rc2+ 48. Kd3 R8c3# 0-1

[Event "AUTO-OPEN-2750"]
[Site "http://www.queenalice.com/game.php?id=1086652"]
[Date "2012.7.25"]
[Round "1"]
[White "dutra2302"]
[Black "bonzinhojr"]
[Result "1-0"]
[WhiteElo "2107"]
[BlackElo "1404"]

1. Nf3 d5 2. g3 f5 3. Bg2 e6 4. e3 Bc5 5. b3 Nf6 6. Bb2 O-O 7. d4 Bb4+ 8. c3 Ba5
9. O-O b6 10. b4 Bxb4 11. cxb4 Ba6 12. Re1 Nc6 13. Qa4 Bb7 14. Ba3 a5 15. b5 Ne7
16. Nbd2 Ne4 17. Nxe4 fxe4 18. Ne5 c5 19. bxc6 Qe8 20. Bxe7 Qxe7 21. cxb7 Qxb7
22. Rab1 Qe7 23. Rxb6 Qf6 24. Rf1 Qe7 25. Bh3 Kh8 26. Bxe6 g6 27. Bxd5 Rf6 28.
Rxf6 Qxf6 29. Bxa8 h5 30. Qe8+ Kg7 31. Bxe4 Qf8 32. Qxg6+ Kh8 33. Qh7# 1-0

[Event "AUTO-OPEN-2750"]
[Site "http://www.queenalice.com/game.php?id=1086653"]
[Date "2012.7.25"]
[Round "1"]
[White "bonzinhojr"]
[Black "Pagano"]
[Result "0-1"]
[WhiteElo "1415"]
[BlackElo "1974"]

1. d4 d5 2. e3 c5 3. dxc5 Nc6 4. Bb5 e5 5. e4 Qa5+ 6. Nc3 d4 7. Bxc6+ bxc6 8.
Ne2 dxc3 9. Nxc3 Ba6 10. Bd2 Bxc5 11. Rb1 Rd8 12. Nd5 Qxa2 13. Nc7+ Kf8 14. Nxa6
Qxa6 15. b4 Bd4 16. Bg5 Ne7 17. c3 Bxc3+ 18. Bd2 Bxd2+ 19. Qxd2 Rxd2 20. Kxd2 g6
21. Rhc1 Kg7 22. b5 cxb5 23. Rc7 Qd6+ 24. Ke2 Qxc7 25. g4 Qc2+ 26. Kf3 Qxb1 27.
Ke2 Qxe4+ 28. Kf1 Rd8 29. f3 Qxf3+ 30. Ke1 Rd1# 0-1

[Event "AUTO-OPEN-2750"]
[Site "http://www.queenalice.com/game.php?id=1086654"]
[Date "2012.7.25"]
[Round "1"]
[White "Pagano"]
[Black "bonzinhojr"]
[Result "1-0"]
[WhiteElo "1972"]
[BlackElo "1417"]

1. e4 d5 2. exd5 Qxd5 3. Nf3 Nf6 4. Nc3 Qe6+ 5. Be2 a5 6. O-O Qd6 7. d4 Ng4 8.
g3 Qg6 9. Nd5 Na6 10. Bxa6 Qd6 11. Bc4 e6 12. Bf4 e5 13. Nxe5 Nxe5 14. Bxe5 Qc6
15. Qe2 Be6 16. Nxc7+ Ke7 17. Bxe6 Rd8 18. d5 Rxd5 19. Bxd5 Qd7 20. Rad1 f6 21.
Bxb7 fxe5 22. Rxd7+ Kxd7 23. Qxe5 h5 24. Rd1+ Bd6 25. Rxd6+ Kxc7 26. Qe7+ Kb8
27. Ba6 h4 28. Qb7# 1-0

[Event "Challenge"]
[Site "http://www.queenalice.com/game.php?id=1087736"]
[Date "2012.7.28"]
[Round "-"]
[White "Rogerio11"]
[Black "bonzinhojr"]
[Result "0-1"]
[WhiteElo "1263"]
[BlackElo "1395"]

1. e4 d5 2. f3 Nf6 3. c4 d4 4. d3 e5 5. Na3 Bb4+ 6. Bd2 Bc5 7. Qa4+ Bd7 8. Qd1
O-O 9. Nb5 a6 10. Na3 Nc6 11. f4 Bg4 12. Qc1 Bb4 13. c5 Bh5 14. Nf3 Ng4 15. fxe5
Ne3 16. Be2 Bxd2+ 17. Nxd2 Nxe5 18. Nf3 f6 19. Nxd4 Qxd4 20. Bxh5 g6 21. Be2 f5
22. exf5 Rxf5 23. Nc2 Nxc2+ 24. Qxc2 Qf2+ 25. Kd2 Nc6 26. Qb3+ Kf8 27. Qxb7 Re8
28. Qxc6 Qxe2+ 29. Kc3 Ree5 30. d4 Re4 31. Rhf1 Re3+ 32. Kb4 Qxb2+ 33. Kc4 Rc3#
0-1

[Event "Challenge"]
[Site "http://www.queenalice.com/game.php?id=1089984"]
[Date "2012.8.3"]
[Round "-"]
[White "Rogerio11"]
[Black "bonzinhojr"]
[Result "1/2-1/2"]
[WhiteElo "1250"]
[BlackElo "1424"]

1. e4 d5 2. d3 d4 3. c3 e5 4. Nf3 f6 5. Qa4+ Bd7 6. Nbd2 b5 7. Qd1 a5 8. cxd4
exd4 9. Nxd4 a4 10. b3 a3 11. Nf5 g6 12. Nd4 b4 13. Nc4 Nc6 14. Be3 Bg4 15. Qxg4
h5 16. Qe6+ Be7 17. Qxc6+ Kf8 18. Bf4 Rc8 19. Ne6+ Kf7 20. Nxd8+ Rxd8 21. Bxc7
Rc8 22. f4 f5 23. e5 Kg7 24. Nd6 Bxd6 25. Qxd6 Nh6 26. Qxb4 Rxc7 27. Qxa3 Ng4
28. b4 Rc2 29. Qa7+ Kh6 30. h3 Ne3 31. Qxe3 Rc3 32. a4 Rg8 33. b5 g5 34. a5 gxf4
35. Qxf4+ Kg7 36. Qxf5 Rc5 37. Qxh5 Rxb5 38. a6 Re8 39. d4 Rd5 40. g4 Rxd4 41.
Qxe8 Rd5 42. a7 Rxe5+ 43. Qxe5+ Kg6 44. Ra6+ Kf7 45. a8=Q 1/2-1/2

[Event "Challenge"]
[Site "http://www.queenalice.com/game.php?id=1090722"]
[Date "2012.8.6"]
[Round "-"]
[White "bonzinhojr"]
[Black "DaviBoeing"]
[Result "0-1"]
[WhiteElo "1424"]
[BlackElo "1476"]

1. e4 e5 2. d4 exd4 3. Qxd4 Nc6 4. Qe3 Nb4 5. Bd3 c5 6. a3 c4 7. axb4 cxd3 8.
cxd3 Bxb4+ 9. Bd2 Bxd2+ 10. Qxd2 Nf6 11. h3 O-O 12. Nf3 Re8 13. e5 d6 14. O-O
dxe5 15. Nxe5 Rxe5 16. Nc3 Bf5 17. d4 Ne4 18. Qf4 Ra5 19. d5 Nxc3 20. Rae1 Ra1
21. Rxa1 Ne2+ 22. Kh1 Nxf4 23. Ra5 Qxa5 24. g3 Nxh3 25. f3 Qxd5 26. Kh2 Qd2+ 27.
Kh1 Re8 28. g4 Bd3 29. Rg1 Nxg1 30. Kxg1 Re1# 0-1